Catálogo

Friedrich Wilhelm Joseph Schelling / (Registro nro. 40040)

Detalles MARC
000 -LEADER
fixed length control field 01304cam a2200349 i 4500
001 - CONTROL NUMBER
control field 40040
003 - CONTROL NUMBER IDENTIFIER
control field Mx-PuUPA
005 - DATE AND TIME OF LATEST TRANSACTION
control field 20250611120929.0
008 - FIXED-LENGTH DATA ELEMENTS--GENERAL INFORMATION
fixed length control field 140415s2012 sp gr 000 0 spa d
017 ## - COPYRIGHT OR LEGAL DEPOSIT NUMBER
Copyright or legal deposit number B-16667-2015
020 ## - INTERNATIONAL STANDARD BOOK NUMBER
International Standard Book Number 9788447380886
Qualifying information pasta dura
041 1# - LANGUAGE CODE
Language code of text/sound track or separate title spa
Language code of original und
040 ## - CATALOGING SOURCE
Original cataloging agency Mx-PuUPA
Language of cataloging spa
Transcribing agency Mx-PuUPA
Modifying agency Mx-PuUPA
Description conventions rda
245 00 - TITLE STATEMENT
Title Friedrich Wilhelm Joseph Schelling /
Statement of responsibility, etc. estudio introductorio por Raúl Gabás
246 14 - VARYING FORM OF TITLE
Title proper/short title Shelling.
264 #1 - PRODUCTION, PUBLICATION, DISTRIBUTION, MANUFACTURE, AND COPYRIGHT NOTICE
Place of production, publication, distribution, manufacture Madrid :
Name of producer, publisher, distributor, manufacturer Editorial Gredos : RBA Coleccionables,
Date of production, publication, distribution, manufacture, or copyright notice 2012
300 ## - PHYSICAL DESCRIPTION
Extent xcvii, 443 páginas ;
Dimensions 24 cm
336 ## - CONTENT TYPE
Fuente rdacontent
Content type term texto
Content type code txt
337 ## - MEDIA TYPE
Source rdamedia
Media type term sin medio
Media type code n
338 ## - CARRIER TYPE
Source rdacarrier
Carrier type term volumen
Carrier type code nc
490 0# - SERIES STATEMENT
Series statement Grandes pensadores
505 00 - FORMATTED CONTENTS NOTE
Title Sistema del idealismo trascendental /
Statement of responsibility de la traducción, José Luis Villacañas --
Title Las edades del mundo /
Statement of responsibility traducción y notas de Jorge Navarro Pérez.
650 #7 - SUBJECT ADDED ENTRY--TOPICAL TERM
Source of heading or term armarc
Topical term or geographic name entry element Idealismo
650 #7 - SUBJECT ADDED ENTRY--TOPICAL TERM
Source of heading or term armarc
Topical term or geographic name entry element Trascendentalismo
700 1# - ADDED ENTRY--PERSONAL NAME
Personal name Gabás, Raúl,
Relator term autor de introducción
700 1# - ADDED ENTRY--PERSONAL NAME
Personal name Villacañas, José Luis,
Relator term traductor
700 1# - ADDED ENTRY--PERSONAL NAME
Personal name Navarro Pérez, Jorge,
Relator term traductor
942 ## - ADDED ENTRY ELEMENTS (KOHA)
Source of classification or shelving scheme Dewey Decimal Classification
Koha item type Libro
Classification part 193
Item part S255
Existencias
Withdrawn status Lost status Source of classification or shelving scheme Damaged status Not for loan Collection code Home library Current library Shelving location Date acquired Source of acquisition Total Checkouts Full call number Barcode Date last seen Price effective from Koha item type
    Dewey Decimal Classification     General Biblioteca Karol Wojtyla Biblioteca Karol Wojtyla Sala general 03/12/2013 Compra   193 S255 2012 60103 05/01/2026 03/12/2013 Libro